Films avec Leonardo DiCaprio par images - Statistiques

Statistiques générales
  • Ce quiz a été pris 278 fois
  • Le résultat moyen est 11 sur 20
Statistiques - réponses
Par images Réponse % Correct
Titanic
100%
Le loup de Wall Street
93%
The Revenant
81%
Shutter Island
76%
Arrête-moi si tu peux
75%
Gatsby le Magnifique
74%
Inception
70%
Django Unchained
66%
Once Upon a Time… in Hollywood
66%
Aviator
61%
Roméo + Juliette
54%
Don't Look Up : Déni cosmique
44%
Les Infiltrés
44%
Gangs of New York
43%
La Plage
42%
Killers of the Flower Moon
38%
Blood Diamond
35%
Les Noces rebelles
19%
J. Edgar
18%
Mensonges d'État
8%
Aucun quiz correspondant
Distribution des résultats
% des personnes avec chaque résultat
Percentile par nombre de réponses
Votre historique - résultats
Vous n’avez pas pris ce quiz